Historia - quiz wielokrotnego wyboru #5 - Statystyki

Ogólne statystyki
  • Ten quiz został rozwiązany 1 619 razy
  • Średni wynik to 10 z 15
Statystyki odpowiedzi
Zagadnienie Odpowiedź % Poprawnych
Jaki rodzaj zarostu nosił Józef Stalin? Wąsy
97%
Kto był pierwszym królem Polski? Bolesław Chrobry
92%
Dlaczego Wielka Brytania założyła kolonie w Australii? Jako miejsce do wysyłania więźniów
87%
Kto był gospodarzem Igrzysk Olimpijskich w 1940 roku? Nikt
83%
W jakim państwie doszło do katastrofy smoleńskiej 10 kwietnia 2010 roku? Rosja
83%
Jakie wydarzenie zakończyło okres rozbicia dzielnicowego w Polsce? Koronacja Władysława Łokietka
79%
Dlaczego król Anglii Edward VIII abdykował w 1936 roku? Chciał poślubić amerykańską rozwódkę Wallis Simpson
72%
Czym była wioska potiomkinowska? Fałszywa wioska zbudowana, by zaimponować Katarzynie Wielkiej
65%
Jak Marek Porcjusz Katon zakończył swoje przemówienia w rzymskim senacie? Kartaginę trzeba zniszczyć
64%
Co zaprojektował Wernher von Braun? Rakiety
64%
Kryształowy Pałac został zbudowany na pierwszą Wystawę Światową w Londynie w 1851 roku. Czy stoi do dziś? Nie
58%
Która z poniższych nazw jest poprawną pisownią imienia pierwszej (i jedynej) kobiety-premiera Izraela? Golda Meir
50%
W czasie II wojny światowej kryptolodzy z Polski złamali szyfr Enigmy. Jak nazywał się jeden z nich? Marian Rejewski
50%
Lord Nelson poprowadził angielską flotę do zwycięstwa na przylądku Trafalgar. Gdzie znajduje się Przylądek Trafalgar? Hiszpania
40%
Do czego nawiązuje détente? Złagodzenie stosunków, zwłaszcza między Stanami Zjednoczonymi a Związkiem Radzieckim.
17%
Nie znaleziono quizów pasujących do podanych kryteriów
Rozkład punktacji
Procent ludzi z każdym wynikiem
Percentyl według liczby udzielonych odpowiedzi
Twoja historia wyników
Nie rozwiązałeś tego quizu